00490nam a2200181 a 4500001001300000003000900013005001700022008004100039020000800080082001300088245005100101260005300152300000900205500003500214505001000249650001300259710003600272nice12345678IN_TiNIC20260116011546.0050524s1924 newa grp 000 0 eng  ac000a266bIMC aConference of Christian Workers Among Moslems. aNew YorkbInternational Missionary Councilc1924 a152p aincludes index and biblioraphy2 aIndex aMissions2 aInternational Missionary Concil